北京中轴线及其周边地图(Map of Beijing Central Axis) - Statistics

General Stats
  • This quiz has been taken 35 times
  • The average score is 17 of 31
Answers on the Map
Answers color-coded by a green-red scale on the quiz's map according to % correct below.
 
Answer Stats
景点名称 % Correct
天安门
94%
景山
88%
天坛
88%
人民大会堂
85%
北海
85%
南海
82%
中海
79%
毛主席纪念堂
76%
午门
76%
人民英雄纪念碑
76%
太和殿
70%
正阳门
70%
鼓楼
67%
钟楼
67%
神武门
58%
永定门
58%
中国国家博物馆
52%
端门
52%
角楼
52%
新华门
52%
先农坛
48%
地安门
45%
太庙
42%
社稷坛
42%
天桥
36%
紫禁城
27%
万宁桥
24%
什刹前海
6%
什刹后海
6%
什刹西海
6%
汇通祠
6%
No matching quizzes found
Score Distribution
Percent of People with Each Score
Percentile by Number Answered
Your Score History
You have not taken this quiz